Podpora zahraničných investícií na Slovensku

Význam prílevu PZI na Slovensko. Národná stratégia podpory investícií (2003). Podľa stratégie je v záujme Slovenska orientovať sa na štyri skupiny strategických investícií : na znižovanie nákladov, na pridanú hodnotu, pre menej rozvinuté regióny, strategické investície do perspektívnych oblastí, nap...

Descrizione completa

Salvato in:
Dettagli Bibliografici
Autore principale: Fabianová, Iveta
Natura: Capitolo di libro
Lingua:slovacco
Soggetti:
Tags: Aggiungi Tag
Nessun Tag, puoi essere il primo ad aggiungerne!!

MARC

LEADER 00000naa$a2200000$$$4500
001 0039083
005 20240502071502.4
041 0 |a slo 
044 |a SK 
245 1 0 |a Podpora zahraničných investícií na Slovensku  |c Iveta Fabianová 
520 |a Význam prílevu PZI na Slovensko. Národná stratégia podpory investícií (2003). Podľa stratégie je v záujme Slovenska orientovať sa na štyri skupiny strategických investícií : na znižovanie nákladov, na pridanú hodnotu, pre menej rozvinuté regióny, strategické investície do perspektívnych oblastí, napr. informačných technológií. Autorka hodnotí fungovanie a efektívnosť vládnych opatrení na podporu prílevu PZI na Slovensko a navrhuje možnosti ich zlepšenia. 
610 2 0 |a investície priame zahraničné 
610 2 0 |a Slovensko 
610 2 0 |a dokumenty vládne 
100 1 |a Fabianová, Iveta